00699 a2200181 4500003000500000005001700005040000900022082001000031245006500041260004200106300001100148505017600159538003200335650001800367942001200385999001900397952010100416Nust20170207154215.0 cNust a378.4 aUniversity of Essex- UG prospectus 1999cUniversity of Essex aEssex, UK.bUniversity of Essexc1999 a198 P. aIntroduction Essex (Page-5) Student Life (Page-13) Student Services (Page-23) Degree Structure and First-year Study (Page-29) Applying to Essex (Page-179) Map (Page-192)  aAlmirah No. 117 shelf No. 1 aUG Prospectus 2ddccBK c195086d195086 00102ddc40708NFICaMCSbMCSd2016-12-12l0o378.4 UNIpMCSPS-7r2016-12-08w2016-12-12yBK